Podział administracyjny Francji pierwszego stopnia - Statystyki

Ogólne statystyki
  • Ten quiz został rozwiązany 6 razy
  • Średni wynik to 8 z 13
Statystyki odpowiedzi
Odpowiedź % Poprawnych
Ile de France
100%
Normandia
100%
Bretania
83%
Kraj Loary
83%
Grand Est
67%
Nowa Akwitania
67%
Oksytania
67%
Hauts de France
50%
Korsyka
50%
Burgundia Franche Comte
33%
Owernia Rodan Alpy
33%
Prowansja Alpy Lazurowe Wybrzeże
33%
Region Centralny Dolina Loary
33%
Nie znaleziono quizów pasujących do podanych kryteriów
Rozkład punktacji
Procent ludzi z każdym wynikiem
Percentyl według liczby udzielonych odpowiedzi
Twoja historia wyników
Nie rozwiązałeś tego quizu